00321nam a22001217a 4500008004100000082001200041100001800053245002700071250001200098260003900110300002200149700002800171231205b |||||||| |||| 00| 0 eng d a657 DAS aDas, Monilal. aPrinciples of Accounts a7th ed. akolkata : bAbhijit Biswas,c1998. a1024 p: c23.5 Cm aDas, Chandrima.eAuthor